| 000 | 00536nam a22002057a 4500 | ||
|---|---|---|---|
| 999 |
_c5124 _d5124 |
||
| 001 | 9402003 | ||
| 003 | GBCCL | ||
| 005 | 20241126110534.0 | ||
| 008 | 180228b ||||| |||| 00| 0 eng d | ||
| 040 |
_aDLC _cCarP _dDLC |
||
| 050 | 0 | 0 |
_aBV4501.2 _b.N4 1963 |
| 082 |
_a248 _bNEE |
||
| 100 | 1 |
_aNee, Watchman. _9331 |
|
| 245 | 1 | 4 | _aThe normal Christian life. |
| 260 |
_aIllinios, _bTyndale _c1977 |
||
| 300 |
_a285 p. _c19 cm. |
||
| 650 | 0 |
_aChristian life. _9183 |
|
| 906 |
_a0 _bcbc _cpremunv _du _encip _f19 _gy-gencatlg |
||
| 942 |
_2ddc _cBK _03 |
||